| 000 | 01375nam a22003617a 4500 | ||
|---|---|---|---|
| 001 | 14531390 | ||
| 003 | OSt | ||
| 005 | 20210421060714.0 | ||
| 008 | 060901s2007 nyua b 001 0 eng | ||
| 010 | _a 2006051093 | ||
| 020 | _a9781400063512 (acidfree paper) | ||
| 035 | _a(OCoLC)ocm71833470 | ||
| 035 | _a(OCoLC)71833470 | ||
| 040 |
_aDLC _cDLC _dBAKER _dBTCTA _dGK8 _dOCO _dC#P _dIXA _dYDXCP _dVP@ _dDLC |
||
| 041 | _aeng | ||
| 050 | 0 | 0 |
_aQ375 _b.T35 2007 |
| 080 |
_a1 _bT-17 |
||
| 082 | 0 | 0 |
_a003/.54 _222 |
| 100 | 1 |
_aTaleb, Nassim Nicholas, _d1960- |
|
| 245 | 1 | 4 |
_aThe black swan : _bthe impact of the highly improbable / _cNassim Nicholas Taleb. |
| 250 | _a1st ed. | ||
| 260 |
_aNew York : _bRandom House, _cc2007. |
||
| 300 |
_axxviii, 366 p. : _bill. ; _c25 cm. |
||
| 365 | _b26.95 usd | ||
| 504 | _aIncludes bibliographical references (p. [331]-358) and index. | ||
| 650 | 0 |
_aUncertainty (Information theory) _xSocial aspects. |
|
| 650 | 0 |
_aPhilosophy _9282 |
|
| 650 | 0 | _aForecasting. | |
| 653 | _aფილოსოფია | ||
| 906 |
_a7 _bcbc _corignew _d1 _eocip _f20 _gy-gencatlg |
||
| 942 |
_2udc _cBK _e1 |
||
| 999 |
_c632 _d632 |
||